000 00780nam a22002297a 4500
999 _c18483
_d18483
003 AR-CdUCM
008 190514b ||||| |||| 00| 0 spa d
040 _aMUNICIPALIDAD PROVINCIAL DEL CUSCO
_cBIBLIOTECA MUNICIPAL DEL CUSCO
041 _hfre
082 _a262.8 /
_bG91
100 _aGuitton, Henri
_939099
245 _aEnciclicas y mensajes sociales /
260 _aBuenos Aires :
_bLa ley,
_c1964.
300 _a334 páginas ;
_c23 cm.
505 _aContenido: Encíclica Rerum novarum -- Encíclica Quadragesimo Anno -- Encíclica Mater et Magistra ...
650 _aEncíclica
_939100
650 _aMensajes sociales
_939101
650 _aReligión
_91195
700 _aGarcia Daireaux, Delia (traductora)
_939102
942 _2ddc
_cLIBROS
945 _aacv
_d2019-05-14